| 000 | 01066nam a22002417a 4500 | ||
|---|---|---|---|
| 999 |
_c63930 _d63930 |
||
| 005 | 20240530110706.0 | ||
| 008 | 180117s2016 ua h g b 000 0 ara d | ||
| 017 |
_a2015/20493 _bمصر. دار الكتب |
||
| 020 | _a9789777292665 | ||
| 040 |
_aEG-CaGPL _cEG-CaGPL |
||
| 082 | 0 | 4 |
_221 _a371.33 / _bم م |
| 100 | 0 | _aمحمد الباتع محمد عبدالعاطى | |
| 245 | 1 | 2 |
_aالمزج بين التكنولوجيا والمنهج فى العصر الرقمى : _bتصور جديد للمنهج التكنولوجى / _cمحمد الباتع محمد عبدالعاطى |
| 260 |
_aالاسكندرية : _bالمكتبة التربوية، _c2016. |
||
| 300 |
_a420 ص. : _bصور ؛ _c24 سم. |
||
| 504 | _aيشتمل على ارجاعات ببليوجرافية | ||
| 650 | 0 | 7 |
_2qrmak _aالتعليم _xاغراضة واهدافة |
| 650 | 0 | 7 |
_2qrmak _aالسياسة التعليمية |
| 650 | 0 | 7 |
_2qrmak _aالتعليم _xوسائل سمعية وبصرية |
| 651 | _2qrmak | ||
| 942 |
_2ddc _cBK |
||